LEADER 02980nam 2200685Ia 450 001 9910453670903321 005 20200520144314.0 010 $a1-281-84147-1 010 $a9786611841478 010 $a0-567-05578-7 035 $a(CKB)1000000000542213 035 $a(EBL)436201 035 $a(OCoLC)276357433 035 $a(SSID)ssj0000135203 035 $a(PQKBManifestationID)11150171 035 $a(PQKBTitleCode)TC0000135203 035 $a(PQKBWorkID)10058520 035 $a(PQKB)11216615 035 $a(MiAaPQ)EBC436201 035 $a(Au-PeEL)EBL436201 035 $a(CaPaEBR)ebr10250839 035 $a(CaONFJC)MIL184147 035 $a(OCoLC)893333995 035 $a(EXLCZ)991000000000542213 100 $a20000111d1999 uy 0 101 0 $aeng 135 $aur|n|---||||| 181 $ctxt 182 $cc 183 $acr 200 10$aDavid, Solomon and Egypt$b[electronic resource] $ea reassessment /$fPaul S. Ash 210 $aSheffield, England $cSheffield Academic Press$dc1999 215 $a1 online resource (158 p.) 225 1 $aJournal for the study of the Old Testament. Supplement series ;$v297 300 $aOriginally presented as the author's thesis (doctoral)--Emory University. 311 $a1-84127-021-0 320 $aIncludes bibliographical references and indexes. 327 $aContents; Preface; Abbreviations; Introduction; Chapter 1 THE EPIGRAPHICAL EVIDENCE FROM EGYPT; Chapter 2 THE ARCHAEOLOGICAL EVIDENCE FROM PALESTINE; Chapter 3 THE BIBLICAL EVIDENCE; Chapter 4 SUMMARY AND IMPLICATIONS OF THIS STUDY; Bibliography; Index of References; Index of Authors 330 $aAsh re-examines the question of the relationship between Egypt and Palestine during the time of David and Solomon. By analysing all the available evidence-epigraphical sources from Egypt, archaeological data from Palestine and the pertinent biblical texts-he concludes that relations and contacts between Egypt and the peoples inhabiting ancient Palestine at the time of David and Solomon were minimal. Any reconstructions of the history of relations and contacts between Egypt and Palestine, including ancient Israel, must take this study into consideration. 410 0$aJournal for the study of the Old Testament.$pSupplement series ;$v297. 606 $aEgypt in the Bible 606 $aExcavations (Archaeology)$zPalestine 607 $aEgypt$xRelations$zPalestine 607 $aPalestine$xRelations$zEgypt 607 $aEgypt$xHistory$yTo 332 B.C 607 $aPalestine$xHistory$yTo 70 A.D 607 $aPalestine$xAntiquities 608 $aElectronic books. 615 0$aEgypt in the Bible. 615 0$aExcavations (Archaeology) 676 $a221.9/5 676 $a933.02 700 $aAsh$b Paul S$0966648 801 0$bMiAaPQ 801 1$bMiAaPQ 801 2$bMiAaPQ 906 $aBOOK 912 $a9910453670903321 996 $aDavid, Solomon and Egypt$92193762 997 $aUNINA LEADER 02382nam 2200613 450 001 9910465542303321 005 20200520144314.0 010 $a0-7844-7920-8 035 $a(CKB)3710000000718984 035 $a(SSID)ssj0001677792 035 $a(PQKBManifestationID)16487349 035 $a(PQKBTitleCode)TC0001677792 035 $a(PQKBWorkID)14714276 035 $a(PQKB)11731152 035 $a(MiAaPQ)EBC4534218 035 $a(Au-PeEL)EBL4534218 035 $a(CaPaEBR)ebr11215351 035 $a(OCoLC)951223303 035 $a(EXLCZ)993710000000718984 100 $a20160620h20162016 uy 0 101 0 $aeng 135 $aurcnu|||||||| 181 $ctxt 182 $cc 183 $acr 200 00$aEvaporation, evapotranspiration, and irrigation water requirements /$fprepared by the Task Committee on Revision of Manual 70 ; edited by Marvin E. Jensen, Ph.D., NAE, Richard G. Allen, Ph.D., P.E. ; sponsored by the Committee on Evapotranspiration in Irrigation and Hydrology of the Irrigation and Drainage Council of the Environmental and Water Resources Institute of the American Society of Civil Engineers 205 $aSecond edition. 210 1$aReston, Virginia :$cAmerican Society of Civil Engineers,$d2016. 210 4$dİ2016 215 $a1 online resource (769 pages) $cillustrations 225 1 $aASCE Manuals and Reports on Engineering Practice ;$vNumber 70 300 $aBibliographic Level Mode of Issuance: Monograph 311 $a0-7844-1405-X 320 $aIncludes bibliographical references and index. 410 0$aASCE manuals and reports on engineering practice ;$vNumber 70. 606 $aEvapotranspiration$vHandbooks, manuals, etc 606 $aCrops$xWater requirements$vHandbooks, manuals, etc 606 $aIrrigation water$vHandbooks, manuals, etc 606 $aIrrigation farming$vHandbooks, manuals, etc 608 $aElectronic books. 615 0$aEvapotranspiration 615 0$aCrops$xWater requirements 615 0$aIrrigation water 615 0$aIrrigation farming 676 $a631.5/87 702 $aJensen$b Marvin E. 702 $aAllen$b Richard G. 801 0$bMiAaPQ 801 1$bMiAaPQ 801 2$bMiAaPQ 906 $aBOOK 912 $a9910465542303321 996 $aEvaporation, evapotranspiration, and irrigation water requirements$92102009 997 $aUNINA